[Event "Eurasia Open Cup 2019"]
[Site "Ekaterinburg"]
[Date "2019.08.08"]
[Round "8.19"]
[White "Guseva, Marina"]
[Black "Balashov, Yuri S"]
[Result "1/2-1/2"]
[WhiteElo "2379"]
[BlackElo "2474"]
[Annotator "ChessBase"]
[PlyCount "227"]
[EventDate "2019.07.31"]
[EventType "swiss"]
[EventCountry "RUS"]
[SourceTitle "playchess.com"]
[Source "ChessBase"]
[SourceQuality "1"]
[TimeControl "5400+30"]

1. d4 {[%emt 0:00:00]} Nf6 {[%emt 0:00:00]} 2. c4 {[%emt 0:00:00]} e6 {[%emt 0:00:00]} 3. Nc3 {[%emt 0:00:00]} Bb4 {[%emt 0:00:00]} 4. Qc2 {[%emt 0:00:00]} O-O {[%emt 0:00:00]} 5. a3 {[%emt 0:00:00]} Bxc3+ {[%emt 0:00:00]} 6. Qxc3 {[%emt 0:00:00]} d6 {[%emt 0:00:48]} 7. Bg5 {[%emt 0:00:00]} Re8 {[%emt 0:04:35]} 8. Nf3 {[%emt 0:07:50]} Nbd7 {[%emt 0:03:00]} 9. e3 {[%emt 0:00:45]} b6 {[%emt 0:00:19]} 10. Nd2 {[%emt 0:00:57]} Bb7 {[%emt 0:02:06]} 11. Qc2 {[%emt 0:00:13]} h6 {[%emt 0:02:01]} 12. Bh4 {[%emt 0:00:03]} c5 {[%emt 0:00:51]} 13. dxc5 {[%emt 0:00:13]} bxc5 {[%emt 0:00:52]} 14. f3 {[%emt 0:07:25]} a5 {[%emt 0:00:54]} 15. Be2 {[%emt 0:03:50]} d5 {[%emt 0:02:16]} 16. O-O {[%emt 0:09:32]} Qb6 {[%emt 0:02:56]} 17. Bf2 {[%emt 0:14:24]} Rec8 {[%emt 0:01:49]} 18. b3 {[%emt 0:04:14]} Ba6 {[%emt 0:04:09]} 19. Rfc1 {[%emt 0:03:11]} Ne8 {[%emt 0:04:23]} 20. Bf1 {[%emt 0:00:21]} Nd6 {[%emt 0:01:42]} 21. cxd5 {[%emt 0:06:47]} exd5 {[%emt 0:00:19]} 22. Bxa6 {[%emt 0:00:12]} Qxa6 {[%emt 0:02:05]} 23. e4 {[%emt 0:00:19]} d4 {[%emt 0:01:34]} 24. a4 {[%emt 0:01:58]} Ne5 {[%emt 0:03:25]} 25. Bg3 {[%emt 0:00:06]} Nd3 {[%emt 0:01:28]} 26. Rf1 {[%emt 0:08:26]} Nb4 {[%emt 0:00:32]} 27. Qd1 {[%emt 0:00:00]} Rab8 {[%emt 0:05:42]} 28. Rf2 {[%emt 0:00:59]} Rb6 {[%emt 0:01:23]} 29. Qf1 {[%emt 0:02:54]} Nd3 {[%emt 0:06:13]} 30. Re2 {[%emt 0:01:38]} Re8 {[%emt 0:02:30]} 31. Rb1 {[%emt 0:00:55]} Nb7 {[%emt 0:03:24]} 32. Nc4 {[%emt 0:00:53]} Rbe6 {[%emt 0:00:38]} 33. Rd2 {[%emt 0:01:07]} Nb4 {[%emt 0:00:00]} 34. Rc1 {[%emt 0:00:12]} Qa8 {[%emt 0:01:49]} 35. Na3 {[%emt 0:02:52]} Qd8 {[%emt 0:01:21]} 36. Nc4 {[%emt 0:03:13]} Kh8 {[%emt 0:01:01]} 37. h3 {[%emt 0:00:39]} Qg5 {[%emt 0:03:26]} 38. Kh2 {[%emt 0:02:51]} f5 {[%emt 0:02:48]} 39. f4 {[%emt 0:00:50]} Qh5 {[%emt 0:01:00]} 40. e5 {[%emt 0:00:09]} Nd5 {[%emt 0:01:50]} 41. Rd3 {[%emt 0:02:50]} Nb4 {[%emt 0:05:04]} 42. Rf3 {[%emt 0:00:31]} Rd8 {[%emt 0:02:14]} 43. Be1 {[%emt 0:00:58]} Nc6 {[%emt 0:05:38]} 44. Nb2 {[%emt 0:00:13]} Qf7 {[%emt 0:00:59]} 45. Nd3 {[%emt 0:01:07]} Rd5 {[%emt 0:01:16]} 46. Rf2 {[%emt 0:01:16]} Nb8 {[%emt 0:02:15]} 47. Rfc2 {[%emt 0:01:02]} Nd7 {[%emt 0:01:34]} 48. Nb2 {[%emt 0:00:19]} Nb6 {[%emt 0:00:22]} 49. Qf3 {[%emt 0:04:31]} Re8 {[%emt 0:00:25]} 50. Nd3 {[%emt 0:00:29]} Nd7 {[%emt 0:01:04]} 51. Bd2 {[%emt 0:02:00]} Rf8 {[%emt 0:01:34]} 52. Re1 {[%emt 0:00:17]} Qe6 {[%emt 0:01:55]} 53. Rb1 {[%emt 0:00:25]} Nb8 {[%emt 0:00:14]} 54. Rbc1 {[%emt 0:00:49]} Na6 {[%emt 0:02:05]} 55. Nb2 {[%emt 0:00:58]} Rd7 {[%emt 0:00:26]} 56. Nc4 {[%emt 0:00:44]} Nb4 {[%emt 0:02:42]} 57. Bxb4 {[%emt 0:00:06]} axb4 {[%emt 0:01:36]} 58. Qd3 {[%emt 0:00:55]} Ra8 {[%emt 0:01:48]} 59. Kh1 {[%emt 0:01:16]} Rf7 {[%emt 0:01:08]} 60. Qf3 {[%emt 0:02:13]} Ra6 {[%emt 0:00:16]} 61. Re2 {[%emt 0:00:19]} Qc6 {[%emt 0:01:07]} 62. Qd3 {[%emt 0:01:22]} Ra8 {[%emt 0:02:34]} 63. e6 {[%emt 0:01:04]} Rf6 {[%emt 0:00:49]} 64. e7 {[%emt 0:01:09]} Re8 {[%emt 0:00:07]} 65. Rce1 {[%emt 0:00:57]} Qc7 {[%emt 0:00:14]} 66. Qf3 {[%emt 0:00:15]} Kh7 {[%emt 0:00:46]} 67. Re5 {[%emt 0:00:30]} Nd6 {[%emt 0:01:28]} 68. Nxd6 {[%emt 0:02:23]} Qxd6 {[%emt 0:02:11]} 69. Rd5 {[%emt 0:00:31]} Rxe7 {[%emt 0:00:56]} 70. Ree5 {[%emt 0:00:24]} Qc7 {[%emt 0:01:12]} 71. Rxc5 {[%emt 0:00:50]} Qd7 {[%emt 0:00:15]} 72. Qd3 {[%emt 0:01:28]} Rxe5 {[%emt 0:01:08]} 73. fxe5 {[%emt 0:00:08]} Rg6 {[%emt 0:00:13]} 74. Qf3 {[%emt 0:00:34]} Qe7 {[%emt 0:01:01]} 75. Rd5 {[%emt 0:01:09]} Qh4 {[%emt 0:00:20]} 76. Kh2 {[%emt 0:00:33]} Qe1 {[%emt 0:00:27]} 77. a5 {[%emt 0:00:29]} Qc3 {[%emt 0:01:31]} 78. Rd6 {[%emt 0:00:55]} Rxd6 {[%emt 0:01:00]} 79. exd6 {[%emt 0:00:03]} Qc5 {[%emt 0:00:08]} 80. Qf4 {[%emt 0:01:15]} Qxa5 {[%emt 0:00:23]} 81. Qxd4 {[%emt 0:00:22]} Kg6 {[%emt 0:00:23]} 82. d7 {[%emt 0:00:18]} Qc7+ {[%emt 0:00:14]} 83. Kg1 {[%emt 0:00:07]} Qd8 {[%emt 0:00:19]} 84. Qd6+ {[%emt 0:00:08]} Kf7 {[%emt 0:00:22]} 85. Kf1 {[%emt 0:00:06]} g5 {[%emt 0:00:34]} 86. Kg1 {[%emt 0:01:10]} h5 {[%emt 0:00:13]} 87. Kh1 {[%emt 0:00:36]} g4 {[%emt 0:00:34]} 88. Kh2 {[%emt 0:00:22]} h4 {[%emt 0:00:30]} 89. hxg4 {[%emt 0:00:14]} fxg4 {[%emt 0:00:06]} 90. Qf4+ {[%emt 0:00:04]} Ke7 {[%emt 0:00:41]} 91. Qxb4+ {[%emt 0:01:34]} Kxd7 {[%emt 0:00:05]} 92. Qxg4+ {[%emt 0:00:04]} Kc6 {[%emt 0:00:28]} 93. Kh3 {[%emt 0:01:00]} Qe7 {[%emt 0:01:18]} 94. b4 {[%emt 0:00:22]} Qe1 {[%emt 0:00:12]} 95. Qc4+ {[%emt 0:00:39]} Kb6 {[%emt 0:00:16]} 96. Qd4+ {[%emt 0:00:33]} Kb5 {[%emt 0:00:33]} 97. Qxh4 {[%emt 0:00:32]} Qh1+ {[%emt 0:00:14]} 98. Kg3 {[%emt 0:00:03]} Qe1+ {[%emt 0:00:19]} 99. Kg4 {[%emt 0:00:07]} Qxb4+ {[%emt 0:00:21]} 100. Kh5 {[%emt 0:00:08]} Qb2 {[%emt 0:00:22]} 101. Qg5+ {[%emt 0:00:11]} Kc6 {[%emt 0:00:20]} 102. g4 {[%emt 0:00:17]} Kd7 {[%emt 0:00:16]} 103. Kg6 {[%emt 0:00:19]} Qb3 {[%emt 0:02:10]} 104. Qf6 {[%emt 0:00:16]} Ke8 {[%emt 0:00:36]} 105. g5 {[%emt 0:00:25]} Qb1+ {[%emt 0:00:33]} 106. Kg7 {[%emt 0:01:17]} Qb7+ {[%emt 0:00:15]} 107. Kg8 {[%emt 0:00:42]} Qd5+ {[%emt 0:00:24]} 108. Kh7 {[%emt 0:00:44]} Qh1+ {[%emt 0:00:20]} 109. Qh6 {[%emt 0:00:13]} Qb7+ {[%emt 0:00:22]} 110. Kh8 {[%emt 0:00:49]} Qb2+ {[%emt 0:00:16]} 111. Kh7 {[%emt 0:00:52]} Qb7+ {[%emt 0:00:11]} 112. Kh8 {[%emt 0:00:13]} Qb2+ {[%emt 0:00:11]} 113. Kh7 {[%emt 0:00:09]} Qb7+ {[%emt 0:00:07]} 114. Kh8 {[%emt 0:00:05]} 1/2-1/2

[Event "Eurasia Open Cup 2019"]
[Site "Ekaterinburg"]
[Date "2019.08.08"]
[Round "8.20"]
[White "Semenova, Elena"]
[Black "Kezin, Roman"]
[Result "0-1"]
[WhiteElo "2286"]
[BlackElo "2470"]
[Annotator "ChessBase"]
[PlyCount "101"]
[EventDate "2019.07.31"]
[EventType "swiss"]
[EventCountry "RUS"]
[SourceTitle "playchess.com"]
[Source "ChessBase"]
[SourceQuality "1"]
[TimeControl "5400+30"]

1. e4 {[%emt 0:01:13]} c5 {[%emt 0:00:00]} 2. Nf3 {[%emt 0:00:10]} e6 {[%emt 0:02:06]} 3. d4 {[%emt 0:02:14]} cxd4 {[%emt 0:00:06]} 4. Nxd4 {[%emt 0:00:00]} Nc6 {[%emt 0:00:01]} 5. Nc3 {[%emt 0:00:08]} Qc7 {[%emt 0:00:04]} 6. Qd3 {[%emt 0:00:00]} Nf6 {[%emt 0:00:07]} 7. Ndb5 {[%emt 0:00:05]} Qb8 {[%emt 0:00:06]} 8. Qg3 {[%emt 0:00:20]} d6 {[%emt 0:00:05]} 9. Be3 {[%emt 0:00:03]} a6 {[%emt 0:01:52]} 10. Nd4 {[%emt 0:00:06]} Bd7 {[%emt 0:01:21]} 11. Bd3 {[%emt 0:12:35]} b5 {[%emt 0:01:28]} 12. f3 {[%emt 0:06:31]} Nxd4 {[%emt 0:22:05]} 13. Bxd4 {[%emt 0:00:04]} b4 {[%emt 0:00:03]} 14. Ne2 {[%emt 0:02:47]} e5 {[%emt 0:00:26]} 15. Be3 {[%emt 0:08:04]} Be7 {[%emt 0:00:14]} 16. O-O {[%emt 0:06:57]} O-O {[%emt 0:00:09]} 17. Rad1 {[%emt 0:09:49]} Qb7 {[%emt 0:25:40]} 18. Kh1 {[%emt 0:05:47]} Be6 {[%emt 0:00:44]} 19. Rd2 {[%emt 0:04:48]} Rac8 {[%emt 0:00:56]} 20. Rfd1 {[%emt 0:02:47]} a5 {[%emt 0:00:52]} 21. Qe1 {[%emt 0:09:14]} Rfd8 {[%emt 0:13:45]} 22. Ng3 {[%emt 0:01:27]} g6 {[%emt 0:01:40]} 23. Qe2 {[%emt 0:03:16]} Rc7 {[%emt 0:05:09]} 24. Ba6 {[%emt 0:03:27]} Qb8 {[%emt 0:00:55]} 25. Bg5 {[%emt 0:05:09]} Kg7 {[%emt 0:04:18]} 26. Nf1 {[%emt 0:06:20]} Ng8 {[%emt 0:13:32]} 27. Bxe7 {[%emt 0:05:00]} Nxe7 {[%emt 0:00:00]} 28. Rxd6 {[%emt 0:04:09]} Rxd6 {[%emt 0:00:00]} 29. Rxd6 {[%emt 0:00:31]} Rxc2 {[%emt 0:00:55]} 30. Qxc2 {[%emt 0:00:00]} Qxd6 {[%emt 0:00:04]} 31. Bb5 {[%emt 0:00:37]} f5 {[%emt 0:04:19]} 32. Ba4 {[%emt 0:00:47]} fxe4 {[%emt 0:01:43]} 33. fxe4 {[%emt 0:00:24]} Bc8 {[%emt 0:00:00]} 34. Nd2 {[%emt 0:00:53]} Bb7 {[%emt 0:00:00]} 35. h3 {[%emt 0:00:36]} Ng8 {[%emt 0:00:41]} 36. Nb3 {[%emt 0:00:38]} Nf6 {[%emt 0:00:19]} 37. Nc5 {[%emt 0:00:16]} Bc8 {[%emt 0:00:27]} 38. Bb3 {[%emt 0:00:58]} Qd4 {[%emt 0:00:52]} 39. Nd3 {[%emt 0:00:18]} Ba6 {[%emt 0:01:22]} 40. Qc7+ {[%emt 0:00:51]} Qd7 {[%emt 0:00:06]} 41. Qxd7+ {[%emt 0:00:00]} Nxd7 {[%emt 0:00:01]} 42. Nf2 {[%emt 0:00:12]} Nc5 {[%emt 0:00:44]} 43. Bc2 {[%emt 0:00:26]} a4 {[%emt 0:01:07]} 44. a3 {[%emt 0:01:19]} b3 {[%emt 0:00:46]} 45. Bb1 {[%emt 0:00:10]} Kf6 {[%emt 0:00:00]} 46. Kh2 {[%emt 0:00:08]} Be2 {[%emt 0:00:35]} 47. g4 {[%emt 0:01:20]} h6 {[%emt 0:00:53]} 48. Kg3 {[%emt 0:00:00]} Ke6 {[%emt 0:00:15]} 49. Kg2 {[%emt 0:00:30]} Kd6 {[%emt 0:00:12]} 50. h4 {[%emt 0:00:32]} Kc6 {[%emt 0:00:00]} 51. g5 {[%emt 0:01:03]} 0-1

[Event "Eurasia Open Cup 2019"]
[Site "Ekaterinburg"]
[Date "2019.08.08"]
[Round "8.21"]
[White "Mamatov, Melis"]
[Black "Ulybin, Mikhail"]
[Result "0-1"]
[WhiteElo "2269"]
[BlackElo "2469"]
[Annotator "ChessBase"]
[PlyCount "92"]
[EventDate "2019.07.31"]
[EventType "swiss"]
[EventCountry "RUS"]
[SourceTitle "playchess.com"]
[Source "ChessBase"]
[SourceQuality "1"]
[TimeControl "5400+30"]

1. e4 {[%emt 0:00:00]} e6 {[%emt 0:10:28]} 2. d4 {[%emt 0:00:00]} d5 {[%emt 0:00:41]} 3. Nd2 {[%emt 0:00:00]} Nf6 {[%emt 0:00:56]} 4. e5 {[%emt 0:00:15]} Nfd7 {[%emt 0:00:45]} 5. Bd3 {[%emt 0:00:00]} c5 {[%emt 0:00:45]} 6. c3 {[%emt 0:00:00]} Nc6 {[%emt 0:01:00]} 7. Ngf3 {[%emt 0:00:00]} a6 {[%emt 0:04:27]} 8. O-O {[%emt 0:04:54]} g5 {[%emt 0:02:55]} 9. dxc5 {[%emt 0:11:16]} g4 {[%emt 0:02:28]} 10. Nd4 {[%emt 0:00:59]} Ndxe5 {[%emt 0:04:34]} 11. N2b3 {[%emt 0:02:20]} Nxd3 {[%emt 0:02:32]} 12. Qxd3 {[%emt 0:00:19]} e5 {[%emt 0:00:54]} 13. Re1 {[%emt 0:01:29]} Bg7 {[%emt 0:16:14]} 14. Bf4 {[%emt 0:19:06]} f6 {[%emt 0:04:12]} 15. Nf5 {[%emt 0:04:39]} Bxf5 {[%emt 0:01:55]} 16. Qxf5 {[%emt 0:00:02]} O-O {[%emt 0:00:53]} 17. Bg3 {[%emt 0:03:16]} Qc8 {[%emt 0:01:45]} 18. Qh5 {[%emt 0:03:01]} f5 {[%emt 0:09:36]} 19. Rad1 {[%emt 0:03:31]} f4 {[%emt 0:19:34]} 20. Bh4 {[%emt 0:07:31]} Qe6 {[%emt 0:01:39]} 21. c4 {[%emt 0:01:50]} dxc4 {[%emt 0:00:49]} 22. Rd6 {[%emt 0:02:46]} Qf7 {[%emt 0:09:35]} 23. Qxf7+ {[%emt 0:02:28]} Rxf7 {[%emt 0:00:10]} 24. Nd2 {[%emt 0:01:04]} Bf8 {[%emt 0:01:31]} 25. Rd5 {[%emt 0:01:30]} Nb4 {[%emt 0:00:00]} 26. Rdxe5 {[%emt 0:00:24]} Nd3 {[%emt 0:00:43]} 27. Re8 {[%emt 0:05:59]} Nxe1 {[%emt 0:00:41]} 28. Rxa8 {[%emt 0:00:41]} Rd7 {[%emt 0:00:00]} 29. Kf1 {[%emt 0:06:45]} f3 {[%emt 0:00:51]} 30. gxf3 {[%emt 0:09:28]} Nxf3 {[%emt 0:00:40]} 31. Nxf3 {[%emt 0:00:30]} gxf3 {[%emt 0:00:39]} 32. Ke1 {[%emt 0:05:15]} Kf7 {[%emt 0:00:00]} 33. Rc8 {[%emt 0:01:11]} c3 {[%emt 0:00:48]} 34. bxc3 {[%emt 0:00:00]} Bg7 {[%emt 0:00:34]} 35. Rd8 {[%emt 0:00:36]} Bxc3+ {[%emt 0:00:47]} 36. Kf1 {[%emt 0:00:00]} Rxd8 {[%emt 0:00:17]} 37. Bxd8 {[%emt 0:00:00]} Ke6 {[%emt 0:00:00]} 38. h3 {[%emt 0:00:53]} Kd5 {[%emt 0:00:22]} 39. Be7 {[%emt 0:01:34]} Bd4 {[%emt 0:01:13]} 40. Ke1 {[%emt 0:02:11]} Bxc5 {[%emt 0:00:43]} 41. Bh4 {[%emt 0:00:00]} Kc4 {[%emt 0:00:46]} 42. Kd2 {[%emt 0:00:02]} b5 {[%emt 0:00:00]} 43. Bg3 {[%emt 0:00:28]} a5 {[%emt 0:00:17]} 44. Kc2 {[%emt 0:00:18]} a4 {[%emt 0:00:20]} 45. Bh4 {[%emt 0:00:19]} b4 {[%emt 0:00:30]} 46. Bg3 {[%emt 0:00:23]} Bd4 {[%emt 0:00:27]} 0-1

[Event "Eurasia Open Cup 2019"]
[Site "Ekaterinburg"]
[Date "2019.08.08"]
[Round "8.22"]
[White "Kozionov, Kirill"]
[Black "Ovchinnikov, Vsevolod"]
[Result "1-0"]
[WhiteElo "2454"]
[BlackElo "2346"]
[Annotator "ChessBase"]
[PlyCount "83"]
[EventDate "2019.07.31"]
[EventType "swiss"]
[EventCountry "RUS"]
[SourceTitle "playchess.com"]
[Source "ChessBase"]
[SourceQuality "1"]
[TimeControl "5400+30"]

1. d4 {[%emt 0:00:00]} Nf6 {[%emt 0:00:00]} 2. c4 {[%emt 0:00:00]} g6 {[%emt 0:00:00]} 3. g3 {[%emt 0:00:05]} Bg7 {[%emt 0:00:00]} 4. Bg2 {[%emt 0:00:00]} O-O {[%emt 0:00:52]} 5. Nf3 {[%emt 0:00:00]} d6 {[%emt 0:00:00]} 6. O-O {[%emt 0:01:32]} Nc6 {[%emt 0:00:22]} 7. Nc3 {[%emt 0:00:31]} a6 {[%emt 0:00:00]} 8. b3 {[%emt 0:04:45]} Rb8 {[%emt 0:01:18]} 9. d5 {[%emt 0:00:32]} Na5 {[%emt 0:11:16]} 10. Bg5 {[%emt 0:00:46]} c5 {[%emt 0:02:54]} 11. dxc6 {[%emt 0:00:00]} bxc6 {[%emt 0:01:35]} 12. Qd2 {[%emt 0:05:35]} c5 {[%emt 0:11:21]} 13. Bh6 {[%emt 0:08:50]} Bb7 {[%emt 0:01:01]} 14. Bxg7 {[%emt 0:21:46]} Kxg7 {[%emt 0:00:30]} 15. Ne1 {[%emt 0:00:27]} Qb6 {[%emt 0:06:18]} 16. Rd1 {[%emt 0:07:15]} Nc6 {[%emt 0:17:20]} 17. Nc2 {[%emt 0:01:59]} Nb4 {[%emt 0:03:31]} 18. e4 {[%emt 0:01:23]} Qa5 {[%emt 0:08:30]} 19. Nxb4 {[%emt 0:07:10]} cxb4 {[%emt 0:08:46]} 20. Nd5 {[%emt 0:00:39]} Bxd5 {[%emt 0:00:31]} 21. exd5 {[%emt 0:00:00]} Qc5 {[%emt 0:03:28]} 22. Rde1 {[%emt 0:02:10]} Rb7 {[%emt 0:00:06]} 23. Re2 {[%emt 0:01:47]} Ra8 {[%emt 0:06:00]} 24. Rfe1 {[%emt 0:00:50]} Raa7 {[%emt 0:00:02]} 25. h4 {[%emt 0:02:58]} h5 {[%emt 0:04:46]} 26. Bh3 {[%emt 0:00:38]} a5 {[%emt 0:02:35]} 27. Kg2 {[%emt 0:00:05]} a4 {[%emt 0:00:26]} 28. f3 {[%emt 0:01:51]} axb3 {[%emt 0:00:32]} 29. axb3 {[%emt 0:00:04]} Rc7 {[%emt 0:01:52]} 30. g4 {[%emt 0:01:11]} hxg4 {[%emt 0:02:25]} 31. fxg4 {[%emt 0:00:31]} Nd7 {[%emt 0:02:18]} 32. Qf4 {[%emt 0:04:40]} Ne5 {[%emt 0:00:01]} 33. Rf1 {[%emt 0:04:59]} Rc8 {[%emt 0:00:25]} 34. Rxe5 {[%emt 0:00:12]} Ra2+ {[%emt 0:04:27]} 35. Kh1 {[%emt 0:15:06]} dxe5 {[%emt 0:00:02]} 36. Qxf7+ {[%emt 0:00:38]} Kh8 {[%emt 0:00:01]} 37. g5 {[%emt 0:00:08]} Qd4 {[%emt 0:00:01]} 38. Qxg6 {[%emt 0:00:40]} Qxh4 {[%emt 0:01:54]} 39. Qf5 {[%emt 0:01:43]} Rg8 {[%emt 0:00:08]} 40. Qxe5+ {[%emt 0:00:14]} Rg7 {[%emt 0:01:15]} 41. Rf8+ {[%emt 0:00:04]} Kh7 {[%emt 0:00:25]} 42. g6+ {[%emt 0:00:42]} 1-0

[Event "Eurasia Open Cup 2019"]
[Site "Ekaterinburg"]
[Date "2019.08.08"]
[Round "8.23"]
[White "Pranizin, Gennady"]
[Black "Savitskiy, Sergey"]
[Result "0-1"]
[WhiteElo "2232"]
[BlackElo "2418"]
[Annotator "NA"]
[PlyCount "120"]
[EventDate "2019.07.31"]
[EventType "swiss"]
[EventCountry "RUS"]
[SourceTitle "playchess.com"]
[Source "ChessBase"]
[SourceQuality "1"]
[TimeControl "5400+30"]

1. e4 {[%emt 0:00:00]} c5 {[%emt 0:00:00]} 2. Nc3 {[%emt 0:00:00]} Nc6 {[%emt 0:00:00]} 3. g3 {[%emt 0:01:18]} g6 {[%emt 0:00:00]} 4. Bg2 {[%emt 0:00:06]} Bg7 {[%emt 0:00:00]} 5. Nge2 {[%emt 0:00:09]} e6 {[%emt 0:00:00]} 6. O-O {[%emt 0:00:07]} Nge7 {[%emt 0:00:00]} 7. d3 {[%emt 0:00:06]} O-O {[%emt 0:00:00]} 8. Bg5 {[%emt 0:00:37]} h6 {[%emt 0:02:30]} 9. Be3 {[%emt 0:01:52]} Nd4 {[%emt 0:00:10]} 10. Qd2 {[%emt 0:01:01]} Kh7 {[%emt 0:00:10]} 11. Bxd4 {[%emt 0:15:02]} cxd4 {[%emt 0:01:52]} 12. Nb5 {[%emt 0:01:38]} Qb6 {[%emt 0:04:23]} 13. Qb4 {[%emt 0:06:16]} Nc6 {[%emt 0:00:58]} 14. Qa4 {[%emt 0:00:22]} Qc5 {[%emt 0:07:15]} 15. c3 {[%emt 0:05:49]} dxc3 {[%emt 0:00:40]} 16. Nbxc3 {[%emt 0:01:38]} a6 {[%emt 0:01:15]} 17. Rac1 {[%emt 0:04:41]} b5 {[%emt 0:01:00]} 18. Qd1 {[%emt 0:00:00]} Qb6 {[%emt 0:00:22]} 19. Qd2 {[%emt 0:01:47]} Bb7 {[%emt 0:06:06]} 20. Qe3 {[%emt 0:03:53]} Qxe3 {[%emt 0:03:42]} 21. fxe3 {[%emt 0:00:07]} Ne5 {[%emt 0:00:00]} 22. Rfd1 {[%emt 0:09:17]} Ng4 {[%emt 0:03:28]} 23. Bf3 {[%emt 0:01:35]} Nxe3 {[%emt 0:00:10]} 24. Re1 {[%emt 0:00:10]} Nf5 {[%emt 0:00:44]} 25. Kg2 {[%emt 0:04:01]} Nd4 {[%emt 0:00:52]} 26. Nxd4 {[%emt 0:01:21]} Bxd4 {[%emt 0:00:08]} 27. e5 {[%emt 0:02:57]} Bxf3+ {[%emt 0:00:43]} 28. Kxf3 {[%emt 0:00:33]} f6 {[%emt 0:00:46]} 29. exf6 {[%emt 0:01:36]} Rxf6+ {[%emt 0:01:06]} 30. Ke4 {[%emt 0:00:45]} Bf2 {[%emt 0:05:01]} 31. Re2 {[%emt 0:01:36]} Rc8 {[%emt 0:17:47]} 32. Rcc2 {[%emt 0:04:44]} Bb6 {[%emt 0:00:51]} 33. Nd1 {[%emt 0:09:26]} Rf5 {[%emt 0:02:01]} 34. d4 {[%emt 0:00:50]} Rc4 {[%emt 0:00:13]} 35. Red2 {[%emt 0:09:17]} d5+ {[%emt 0:00:33]} 36. Ke3 {[%emt 0:00:16]} e5 {[%emt 0:01:39]} 37. Ke2 {[%emt 0:00:18]} Bxd4 {[%emt 0:00:33]} 38. Ne3 {[%emt 0:03:46]} Bxe3 {[%emt 0:00:09]} 39. Rxc4 {[%emt 0:00:07]} bxc4 {[%emt 0:00:14]} 40. Kxe3 {[%emt 0:00:05]} e4 {[%emt 0:00:35]} 41. Kd4 {[%emt 0:00:58]} Rf3 {[%emt 0:00:08]} 42. Ke5 {[%emt 0:01:27]} Rd3 {[%emt 0:00:00]} 43. Rf2 {[%emt 0:01:20]} e3 {[%emt 0:00:38]} 44. Rf7+ {[%emt 0:00:00]} Kg8 {[%emt 0:00:00]} 45. Kf6 {[%emt 0:00:01]} Rd2 {[%emt 0:01:40]} 46. Rg7+ {[%emt 0:05:08]} Kf8 {[%emt 0:01:00]} 47. Rf7+ {[%emt 0:00:35]} Ke8 {[%emt 0:00:15]} 48. Re7+ {[%emt 0:00:00]} Kd8 {[%emt 0:00:33]} 49. Rxe3 {[%emt 0:00:32]} Rxb2 {[%emt 0:00:01]} 50. Ke5 {[%emt 0:00:42]} Rd2 {[%emt 0:00:18]} 51. Kd6 {[%emt 0:02:41]} d4 {[%emt 0:00:46]} 52. Ra3 {[%emt 0:00:00]} c3 {[%emt 0:00:41]} 53. Rxa6 {[%emt 0:00:00]} Ke8 {[%emt 0:01:05]} 54. a4 {[%emt 0:02:21]} c2 {[%emt 0:00:00]} 55. Rc6 {[%emt 0:00:23]} d3 {[%emt 0:00:00]} 56. Rc8+ {[%emt 0:00:36]} Kf7 {[%emt 0:00:00]} 57. Rc7+ {[%emt 0:00:41]} Kf6 {[%emt 0:00:05]} 58. a5 {[%emt 0:00:26]} Rd1 {[%emt 0:00:06]} 59. a6 {[%emt 0:00:14]} c1=Q {[%emt 0:00:08]} 60. a7 {[%emt 0:00:09]} Qxc7+ {[%emt 0:00:19]} 0-1

[Event "Eurasia Open Cup 2019"]
[Site "Ekaterinburg"]
[Date "2019.08.08"]
[Round "8.24"]
[White "Radzhabov, Rodion"]
[Black "Schepetkova, Margarita"]
[Result "1/2-1/2"]
[WhiteElo "2404"]
[BlackElo "2241"]
[Annotator "NA"]
[PlyCount "81"]
[EventDate "2019.07.31"]
[EventType "swiss"]
[EventCountry "RUS"]
[SourceTitle "playchess.com"]
[Source "ChessBase"]
[SourceQuality "1"]
[TimeControl "5400+30"]

1. Nf3 {[%emt 0:00:00]} d5 {[%emt 0:00:00]} 2. g3 {[%emt 0:00:00]} Nf6 {[%emt 0:00:00]} 3. Bg2 {[%emt 0:00:00]} c6 {[%emt 0:00:06]} 4. O-O {[%emt 0:00:00]} Bg4 {[%emt 0:00:07]} 5. d3 {[%emt 0:00:00]} Nbd7 {[%emt 0:00:13]} 6. Nbd2 {[%emt 0:00:00]} e5 {[%emt 0:00:12]} 7. h3 {[%emt 0:00:00]} Bh5 {[%emt 0:00:33]} 8. e4 {[%emt 0:00:54]} dxe4 {[%emt 0:00:07]} 9. dxe4 {[%emt 0:00:04]} Bc5 {[%emt 0:00:51]} 10. Qe1 {[%emt 0:00:13]} O-O {[%emt 0:00:10]} 11. Nb3 {[%emt 0:02:24]} Bd6 {[%emt 0:06:38]} 12. Nh4 {[%emt 0:02:44]} Re8 {[%emt 0:00:20]} 13. Nf5 {[%emt 0:20:47]} Bf8 {[%emt 0:00:20]} 14. a4 {[%emt 0:01:34]} Qc7 {[%emt 0:04:00]} 15. Bd2 {[%emt 0:18:24]} Rad8 {[%emt 0:08:00]} 16. f3 {[%emt 0:18:09]} Bg6 {[%emt 0:02:19]} 17. Ne3 {[%emt 0:02:09]} Be7 {[%emt 0:01:08]} 18. a5 {[%emt 0:08:55]} Nf8 {[%emt 0:01:03]} 19. Nc4 {[%emt 0:03:31]} Ne6 {[%emt 0:12:00]} 20. Be3 {[%emt 0:01:42]} Nd4 {[%emt 0:05:18]} 21. Nxd4 {[%emt 0:01:42]} exd4 {[%emt 0:00:37]} 22. Bf4 {[%emt 0:00:13]} Qc8 {[%emt 0:00:23]} 23. g4 {[%emt 0:06:26]} Qe6 {[%emt 0:02:49]} 24. Ne5 {[%emt 0:05:17]} Bd6 {[%emt 0:03:35]} 25. Nd3 {[%emt 0:00:08]} Nd7 {[%emt 0:00:52]} 26. Bxd6 {[%emt 0:01:07]} Qxd6 {[%emt 0:00:06]} 27. Qd2 {[%emt 0:01:04]} f6 {[%emt 0:01:07]} 28. b3 {[%emt 0:01:19]} c5 {[%emt 0:01:51]} 29. Rae1 {[%emt 0:01:39]} b5 {[%emt 0:04:42]} 30. axb6 {[%emt 0:00:16]} axb6 {[%emt 0:00:05]} 31. g5 {[%emt 0:03:29]} b5 {[%emt 0:01:26]} 32. gxf6 {[%emt 0:00:23]} Qxf6 {[%emt 0:02:07]} 33. f4 {[%emt 0:00:04]} Bf7 {[%emt 0:04:47]} 34. e5 {[%emt 0:00:34]} Qb6 {[%emt 0:00:26]} 35. f5 {[%emt 0:01:12]} c4 {[%emt 0:00:19]} 36. bxc4 {[%emt 0:00:52]} bxc4 {[%emt 0:00:05]} 37. e6 {[%emt 0:00:00]} cxd3 {[%emt 0:00:49]} 38. cxd3 {[%emt 0:00:49]} Nf6 {[%emt 0:05:08]} 39. exf7+ {[%emt 0:00:00]} Kxf7 {[%emt 0:00:03]} 40. Qa2+ {[%emt 0:00:09]} Kf8 {[%emt 0:00:11]} 41. Re6 {[%emt 0:01:14]} 1/2-1/2